Anagrammeja - Aasian valtiot - Statistics

Yleistilastot
  • Tätä visaa on pelattu 778 kertaa
  • Keskiarvotulos 14 / 20
Vastaustilastot
Valtio % Oikein
Filippiinit
89%
Irak
89%
Jemen
88%
Qatar
88%
Laos
87%
Iran
86%
Myanmar
86%
Kazakstan
85%
Japani
84%
Syyria
84%
Itä-Timor
83%
Oman
83%
Nepal
82%
Afganistan
80%
Kiina
80%
Tadžikistan
79%
Intia
78%
Taiwan
78%
Turkki
75%
Bhutan
74%
Kuwait
73%
Azerbaidžan
72%
Kambodža
72%
Kypros
71%
Mongolia
71%
Georgia
68%
Kirgisia
68%
Thaimaa
68%
Bangladesh
67%
Vietnam
67%
Brunei
65%
Etelä-Korea
63%
Israel
63%
Bahrain
62%
Uzbekistan
60%
Malesia
59%
Pohjois-Korea
59%
Saudi-Arabia
57%
Malediivit
56%
Libanon
54%
Indonesia
51%
Pakistan
51%
Armenia
47%
Jordania
46%
Turkmenistan
37%
Singapore
33%
Ehtoja vastaavia visoja ei löytynyt
Tulosjakauma
Jokaisen tuloksen saaneiden osuus
Persentiili vastausten määrän mukaan
Tuloshistoriasi
Et ole pelannut tätä visaa